| 000 | 00731nam a2200217Ii 4500 | ||
|---|---|---|---|
| 003 | JO-AjNU | ||
| 008 | 230605s9999||||xx |||||||||||||| ||und|| | ||
| 017 | _a1995/7427 | ||
| 020 | _a977-11-0945-6 | ||
| 040 |
_aJO-AjNU _bara _erda _cJO-AjNU |
||
| 041 | _aara | ||
| 050 | 1 | 4 | _aML120.A7.F412 1995 |
| 100 | 3 |
_aتاليف فارمر، هنري جورج؛ ترجمة حسين نصار, _eauthor _921034 |
|
| 245 | 0 | 0 | _aمصادر الموسيقى العربية |
| 264 | 3 | 1 | _aالفجالة: مكتبة مصر، 1995 |
| 300 | _a174ص | ||
| 336 |
_atext _btxt _2rdacontent |
||
| 337 |
_aunmediated _bn _2rdamedia |
||
| 338 |
_avolume _bnc _2rdacarrier |
||
| 650 | 4 |
_aالموسيقى العربية - ببيلوجرافيات _921035 |
|
| 999 |
_aA7240 _c10808 _d10808 |
||